Statystyki dla QUIZ NAJPOPULARNIEJSZE SKLEPY W POLSCE

Kliknij tutaj aby rozwiązać quiz!

Ogólne statystyki

  • Ten quiz został rozwiązany 79 razy
  • Średni wynik to 6 z 10

Statystyki odpowiedzi

#ODPOWIEDŹ% Poprawnych
2.LIDL
99%
1.BIEDRONKA
97%
4.ŻABKA
81%
3.KAUFLAND
70%
8.AUCHAN
59%
9.CARREFOUR
59%
6.LEWIATAN
52%
5.NETTO
51%
7.INTERMARCHE
30%
10.SPOŁEM
23%

Rozkład punktacji

Percentyl według liczby udzielonych odpowiedzi

Procent ludzi z każdym wynikiem

Twoja historia wyników

Nie rozwiązałeś tego quizu